| 000 | 00521nam a2200181 i 4500 | ||
|---|---|---|---|
| 001 | 40723 | ||
| 003 | ES-MaACL | ||
| 005 | 20250901195112.0 | ||
| 007 | t| | ||
| 008 | 030306s1931 sp ||||1| spa d | ||
| 100 | 1 |
_aCarreras, Mateo _935665 |
|
| 245 | 1 | 4 |
_aLas embriotomías / _cMateo Carreras y Vital Aza. |
| 260 |
_aMadrid : _bEspasa Calpe, _c1931. |
||
| 300 |
_a138 p. : _bil. ; _c24 cm. |
||
| 700 | 1 |
_aAza, Vital, _d1890-1961 _9170049 |
|
| 852 |
_aES-MaACL _j1759-F-23 _bR.18207 |
||
| 999 |
_c40723 _d40723 |
||